[Event "Wroclaw New Year op"]
[Site "Wroclaw"]
[Date "2011.12.28"]
[Round "?"]
[White "Dowgird, Filip"]
[Black "Mozol, Dawid"]
[Result "1-0"]
[WhiteElo "2110"]
[BlackElo "1521"]
[PlyCount "47"]
[EventDate "2011.12.28"]
[EventType "swiss"]
[EventRounds "5"]
[EventCountry "POL"]
[SourceTitle "EXT 2023"]
[Source "ChessBase"]
[SourceDate "2022.10.05"]
[SourceVersion "1"]
[SourceVersionDate "2022.10.05"]
[SourceQuality "1"]

1. Nf3 Nf6 2. g3 d5 3. Bg2 e6 4. 0-0 c5 5. d3 Nc6 6. Nbd2 Bd6 7. e4 d4 8. a4 a5 9. Nc4 Bc7 10. e5 Nd5 11. Re1 h6 12. h4 b6 13. Bd2 Ba6 14. c3 Bxc4 15. dxc4 dxc3 16. bxc3 Nde7 17. Qe2 0-0 18. h5 Rb8 19. Bf4 Kh7 20. Qe4+ g6 21. Rad1 Qe8 22. Nh2 Na7 23. Ng4 Ng8 24. Bxh6 1-0